Culture Générale #4 (Très facile) - Statistiques

Statistiques générales
  • Ce quiz a été pris 1 371 fois
  • Le résultat moyen est 12 sur 15
Statistiques - réponses
Question Réponse % Correct
Quelle est la capitale de la France ? Paris
100%
Quel film d'animation présente un lion nommé Simba ? Le Roi Lion
97%
Qui a peint "La Joconde" ? Léonard de Vinci
95%
Quel ingrédient est la base de la pâte à pain ? La Farine
93%
Quelle langue est parlée au Brésil ? Portugais
91%
Qui a écrit "Les Misérables" ? Victor Hugo
91%
Combien de planètes composent le système solaire ? 8
89%
Qui est le roi dieu dans la mythologie grecque ? Zeus
89%
Quelle est la planète la plus proche du Soleil ? Mercure
81%
Qui est connu comme le "Roi de la Pop" ? Micheal Jackson
80%
Quelle entreprise a été fondée par Steve Jobs, Steve Wozniak et Ronald Wayne ? Apple
72%
Quel groupe britannique est célèbre pour des chansons comme "Hey Jude" et "Let It Be" ? The Beatles
65%
Qui a écrit "Harry Potter" ? J.K. Rowling
63%
Qui était le leader du mouvement pour les droits civiques des Afro-Américains dans les années 1960 aux États-Unis ? Martin Luther King Jr
62%
Quelle devise est utilisée aux États-Unis ? Le dollar américain
56%
Aucun quiz correspondant
Distribution des résultats
% des personnes avec chaque résultat
Percentile par nombre de réponses
Votre historique - résultats
Vous n’avez pas pris ce quiz